Defining the manager's job / (Record no. 129058)

MARC details
000 -LEADER
fixed length control field 00672nam a22002297a 4500
005 - DATE AND TIME OF LATEST TRANSACTION
control field 20170124110050.0
010 ## - LIBRARY OF CONGRESS CONTROL NUMBER
LC control number 915588
020 ## - INTERNATIONAL STANDARD BOOK NUMBER
Terms of availability 00.00
035 ## - SYSTEM CONTROL NUMBER
System control number 915588
037 ## - SOURCE OF ACQUISITION
Source of stock number/acquisition Cen Lib/Ret
040 ## - CATALOGING SOURCE
Original cataloging agency DPL
Language of cataloging EN
082 ## - DEWEY DECIMAL CLASSIFICATION NUMBER
Classification number 658
Item number BEN
100 ## - MAIN ENTRY--PERSONAL NAME
Personal name Bennet, C.L.
9 (RLIN) 25252
245 ## - TITLE STATEMENT
Title Defining the manager's job /
Statement of responsibility, etc by C.L. Bennet
260 ## - PUBLICATION, DISTRIBUTION, ETC. (IMPRINT)
Place of publication, distribution, etc Bombay
Name of publisher, distributor, etc Taraporevala publishing industries
Date of publication, distribution, etc 1977
270 ## - ADDRESS
City Bombay
Address Deshmukh marg
300 ## - PHYSICAL DESCRIPTION
Extent 446p.
Dimensions 20cm(Hb)
500 ## - GENERAL NOTE
General note Includes bibliographical references and index
650 ## - SUBJECT ADDED ENTRY--TOPICAL TERM
Topical term or geographic name as entry element Comapany practice
9 (RLIN) 25253
650 ## - SUBJECT ADDED ENTRY--TOPICAL TERM
Topical term or geographic name as entry element Gaining executive
9 (RLIN) 25254
942 ## - ADDED ENTRY ELEMENTS (KOHA)
Source of classification or shelving scheme Dewey Decimal Classification
Koha item type English Books
Classification part 658
Call number suffix BEN
Holdings
Withdrawn status Lost status Damaged status Not for loan Home library Current library Date acquired Source of acquisition Cost, normal purchase price Total Checkouts Full call number Barcode Date last seen Copy number Cost, replacement price Price effective from Koha item type
        Central Library Central Library 04/07/2015 Cen Lib/Ret 0.00   658 BEN 915588 04/07/2015 1 0.00 04/07/2015 English Books

© Delhi Public Library
Hit Counter
free hit counter